|
|
|
|
| LEADER |
03182nam a22005535i 4500 |
| 001 |
978-3-642-35145-7 |
| 003 |
DE-He213 |
| 005 |
20151030091427.0 |
| 007 |
cr nn 008mamaa |
| 008 |
121205s2012 gw | s |||| 0|eng d |
| 020 |
|
|
|a 9783642351457
|9 978-3-642-35145-7
|
| 024 |
7 |
|
|a 10.1007/978-3-642-35145-7
|2 doi
|
| 040 |
|
|
|d GrThAP
|
| 050 |
|
4 |
|a QA76.575
|
| 072 |
|
7 |
|a UG
|2 bicssc
|
| 072 |
|
7 |
|a COM034000
|2 bisacsh
|
| 082 |
0 |
4 |
|a 006.7
|2 23
|
| 245 |
1 |
0 |
|a User Centric Media
|h [electronic resource] :
|b Second International ICST Conference, UCMedia 2010, Palma de Mallorca, Spain, September 1-3, 2010. Revised Selected Papers /
|c edited by Federico Alvarez, Cristina Costa.
|
| 264 |
|
1 |
|a Berlin, Heidelberg :
|b Springer Berlin Heidelberg :
|b Imprint: Springer,
|c 2012.
|
| 300 |
|
|
|a XII, 161 p. 64 illus.
|b online resource.
|
| 336 |
|
|
|a text
|b txt
|2 rdacontent
|
| 337 |
|
|
|a computer
|b c
|2 rdamedia
|
| 338 |
|
|
|a online resource
|b cr
|2 rdacarrier
|
| 347 |
|
|
|a text file
|b PDF
|2 rda
|
| 490 |
1 |
|
|a Lecture Notes of the Institute for Computer Sciences, Social Informatics and Telecommunications Engineering,
|x 1867-8211 ;
|v 60
|
| 505 |
0 |
|
|a Personalised access to multimedia content -- search and retrieval of networked multimedia content -- multimedia, AMP, and user experience -- video quality perception and user quality of experience -- user generated content -- content distribution -- content summarisation.
|
| 520 |
|
|
|a This book constitutes the thoroughly refereed post-conference proceedings of the Second International Conference, UCMedia 2010, which was held in Palma, Mallorca, Spain, in September 2010, accompanied by the 4th InterMedia Open Forum Workshop (IMOF). After a thorough review process 16 conference and 3 workshop papers were selected for inclusion in the book. The papers are grouped in topical sections on: personalised access to multimedia content; search and retrieval of networked multimedia content; multimedia, AMP, and user experience; video quality perception and user quality of experience; user generated content; content distribution; and content summarisation.
|
| 650 |
|
0 |
|a Computer science.
|
| 650 |
|
0 |
|a Database management.
|
| 650 |
|
0 |
|a Information storage and retrieval.
|
| 650 |
|
0 |
|a Multimedia information systems.
|
| 650 |
|
0 |
|a User interfaces (Computer systems).
|
| 650 |
|
0 |
|a Multimedia systems.
|
| 650 |
1 |
4 |
|a Computer Science.
|
| 650 |
2 |
4 |
|a Multimedia Information Systems.
|
| 650 |
2 |
4 |
|a User Interfaces and Human Computer Interaction.
|
| 650 |
2 |
4 |
|a Information Storage and Retrieval.
|
| 650 |
2 |
4 |
|a Information Systems Applications (incl. Internet).
|
| 650 |
2 |
4 |
|a Media Design.
|
| 650 |
2 |
4 |
|a Database Management.
|
| 700 |
1 |
|
|a Alvarez, Federico.
|e editor.
|
| 700 |
1 |
|
|a Costa, Cristina.
|e editor.
|
| 710 |
2 |
|
|a SpringerLink (Online service)
|
| 773 |
0 |
|
|t Springer eBooks
|
| 776 |
0 |
8 |
|i Printed edition:
|z 9783642351440
|
| 830 |
|
0 |
|a Lecture Notes of the Institute for Computer Sciences, Social Informatics and Telecommunications Engineering,
|x 1867-8211 ;
|v 60
|
| 856 |
4 |
0 |
|u http://dx.doi.org/10.1007/978-3-642-35145-7
|z Full Text via HEAL-Link
|
| 912 |
|
|
|a ZDB-2-SCS
|
| 950 |
|
|
|a Computer Science (Springer-11645)
|